{"text_format":"1","workbook":"xlsx","n_sheets":1,"sheets":["Planilha1"],"not_rendered":{"charts":0,"images":0,"macros":1,"external_links":0,"defined_names":1,"comments":0,"pivot_tables":0},"unopened":[],"bounds":{"document_bytes":16777216,"sheet_cells":100000,"rows_first":2000,"rows_last":500,"rows_between":2000,"halvings":0,"cell_chars":16384,"cell_head_chars":4096},"cells_cut":0,"cells_raw":0,"read":"whole","date_system":"1900"}

{"sheet":"Planilha1","index":0,"n_rows":12,"n_cols":11,"rows_kept":12,"cut":false,"hidden":false,"merged":[[0,0,0,6],[1,0,1,6],[9,5,9,6],[10,0,10,1],[11,0,11,1],[11,2,11,3]]}
[]
[]
["Item","Marca/Modelo","Especificação","Unidade","Quant.","Valor Unit. (R$)","Valor Total. (R$)",null,null,null,"QUEBRA DE TEXTO NORMAL"]
[1,"bala","Caderneta de Saúde da Menina\ne Menino Formato fechado: 14,8\nx 21 cm; Formato aberto: 29,6 x\n21 cm; Capa: cores 4x4;\nCouché: gramatura 180 g; Miolo:\ncores 4x4, Papel couché 90g,\ncom acabamento lombada\nquadrada; Cola PUR; Número\nde páginas: até 60 páginas de\nmiolo + capa.","Unid",2,41,{"$f":"SUM(E4*F4)","v":82},null,null,null,"Caderneta de Saúde da Menina e Menino Formato fechado: 14,8 x 21 cm; Formato aberto: 29,6 x 21 cm; Capa: cores 4x4; Couché: gramatura 180 g; Miolo: cores 4x4, Papel couché 90g, com acabamento lombada quadrada; Cola PUR; Número de páginas: até 60 páginas de miolo + capa."]
[1,"bala","Caderneta de Saúde da Pessoa\nIdosa Impressão: Capa: 4\npáginas; Papel: couché 180 g;\nMiolo: 40 páginas; Papel: Offset\n90g; Tamanho: A5 (fechado) -\n15x21cm. Cor: 4x4 cores;\nAcabamento - 2 grampos, dobra,\nvinco e refile-faca especial em\nduas lâminas internas (FLAP).","Unid",2,41,82]
[1,"bala","Bloco de boletim diário de\nprodução Confeccionado em\npapel off-set, Gramatura de\n63g/m², Impressão 1 x 1;\nFormato 210 x 290mm; Bloco\ncom 50 folhas.","Unid",2,41,82]
[1,"bala","Bloco de Check List formato A4;\nem papel sulfite 75 gr; impressão\nna cor preta; impressão frente e\nverso; com picote no rodapé;\nbloco com no mínimo 50 folhas","Unid",2,41,82]
[1,"bala","Bloco de Ficha de notificação\ncom as seguintes especificações\nmínimas: Confeccionado em\npapel off-set; Gramatura de\n75g/m²; Impressão 1x0; Formato\n205x140mm; Carbonada, Bloco\ncom 100 folhas (50 folhas\nprimeira via + 50 folhas segunda\nvia).","Unid",2,41,82]
[2,"bala",null,"Unid",2,41,82]
[null,null,null,null,"Total",{"$f":"SUM(G4:G9)","v":492}]
[]
[{"$f":"SUM(G4:G9)","v":492}]